000 00329 a2200157 4500
001 179056
020 _a
040 _cMagnum
100 _aBatista, Marcia
240 1 0 _aPedrinho e seus chinelos
_lpor
245 1 0 _aPedrinho e seus chinelos
362 0 _a1899
440 1 _aRHJ
697 _aMAGNITO: I/GERAL
942 _cBK
999 _c179056
_d179056